| 000 | 01191aam a22003731i 4500 | ||
|---|---|---|---|
| 999 |
_c616 _d616 |
||
| 001 | 018526370 | ||
| 003 | Uk | ||
| 005 | 20190904120027.0 | ||
| 006 | m || d | | ||
| 007 | cr ||||||||||| | ||
| 008 | 140204s2005 enkac o 001 0 eng d | ||
| 015 |
_aGBB7I0937 _2bnb |
||
| 020 | _a9780141016405 | ||
| 037 |
_aPenguinGroup194433 _bIngram Content Group |
||
| 040 |
_aTEFOD _beng _cTEFOD _dOCLCF _dYDXCP _dTEFOD _dOCLCQ _dUk _erda _epn |
||
| 042 | _aukblsr | ||
| 082 | 0 | 4 |
_a658 GOD _222 |
| 100 | 1 |
_aGodin, Seth. _eauthor |
|
| 245 | 1 | 0 |
_aPurple cow : _btransform your business by being remarkable / _cSeth Godin. |
| 264 | 1 |
_aLondon : _bPenguin, _c2005. |
|
| 300 |
_a1 vol. (x-144 p.) : _bill. ; _c20 cm. |
||
| 336 |
_atext _2rdacontent |
||
| 337 |
_acomputer _2rdamedia |
||
| 338 |
_aonline resource _2rdacarrier |
||
| 500 | _aIncludes index. | ||
| 500 | _aOriginally published: U.S.: Portfolio, 2003; London: Michael Joseph, 2004. | ||
| 588 | 0 | _aPrint version record. | |
| 650 | _aCommunication in marketing. | ||
| 650 | _aMarketing. | ||
| 650 | _aCreative ability in business. | ||
| 942 |
_2ddc _cNFIC |
||